000 00820cam a2200277 a 4500
001 1495316
003 NUST - PNEC
005 20170116181049.0
008 880909s1989 inua 001 0 eng
010 _a 88062674
020 _a0672226499 :
_c$19.95
040 _aDLC
_cLIBRARY
_dDLC
050 0 0 _aZ52.5.W65
_bB37 1989
082 0 0 _a652.5
_219
100 1 _aMiller, Kate,
_d1953-
245 1 0 _aWordPerfect version 5.0 :
_bexpert techniques for power users /
_cKate Barnes.
250 _a1st ed.
260 _aIndianapolis, Ind. :
_bH.W. Sams,
_cc1989.
300 _axxiv, 523 p. :
_bill. ;
_c25 cm.
440 0 _aExpert techniques series
500 _aIncludes index.
630 0 0 _aWordPerfect (Computer file)
650 0 _aWord processing.
_xGeneral
942 _2ddc
_cBK
999 _c68340
_d68340